Estatísticas para Palau

Clique aqui para jogar o quiz

Estatísticas Gerais

  • Esse quiz foi jogado 11 vezes
  • A pontuação média é 5 de 11

Estatísticas das Respostas

HintResposta% Correto
Qual é o seu idioma?Inglês
100%
Onde fica?Oceania
100%
Qual é a sua religião!Cristianismo
86%
Qual é a sua principal atividade económica?Turismo
71%
O que representa a cor azul na sua bandeira?Oceano
43%
Qual é o seu tipo de clima?Tropical
43%
Qual é a sua capital?Ngerulmud
29%
Qual é o seu código ISO?PLW
29%
Qual é a cidade mais populosa?Koror
14%
Qual é a sua moeda?Dólar americano
0%
O que representa a cor amarela na sua bandeira?Lua
0%

Distribuição das Pontuações

Percentil de Números Respondidos

Porcentagem de Pessoas com Cada Pontuação

Sua Pontuação Histórica

Você não jogou esse quiz